Countries of Scandinavia - Statistics

General Stats
  • This quiz has been taken 38 times
  • The average score is 5 of 5
Answer Stats
Answer % Correct
Finland
100%
Norway
100%
Sweden
100%
Iceland
97%
Denmark
94%
No matching quizzes found
Score Distribution
Percent of People with Each Score
Percentile by Number Answered
Your Score History
You have not taken this quiz